Tekst piosenki "Last Christmas" - Statystyki

Ogólne statystyki
  • Ten quiz został rozwiązany 83 razy
  • Średni wynik to 16 z 31
Statystyki odpowiedzi
Tekst % Poprawnych
But the {very} next day,
90%
I'll give it, to someone {special}.
90%
Last Christmas I {gave} You my heart.
90%
You gave it {away}.
88%
This year, to {save} me from tears.
81%
Tell me {baby},
78%
I keep my {distance},
68%
Do you {recognize} me?
65%
But you {still} catch my eye.
61%
{Well}, it's been a year.
56%
It doesn't {surprise} me.
54%
I {know} you'd fool me again.
50%
Now I know what a {fool} I've been,
50%
You'll never fool me {again}.
50%
With a fire in his {heart}.
49%
But You tore me {apart}.
47%
I meant {it}.
47%
Once {bitten}, and twice shy
47%
I wrapped it up and {sent} it,
46%
{Now} I've found a real love.
46%
A man {under} cover,
43%
A crowded {room},
42%
Someone to rely on. {Me}?
42%
I guess I was a {shoulder} to cry on.
40%
With a {note} saying "I love you" -
36%
But if you {kissed} me now
35%
A {face} on a lover,
33%
My God I {thought} you were
29%
{Friends} with tired eyes.
26%
And your soul of {ice}.
21%
I'm {hiding} from you,
21%
Nie znaleziono quizów pasujących do podanych kryteriów
Rozkład punktacji
Procent ludzi z każdym wynikiem
Percentyl według liczby udzielonych odpowiedzi
Twoja historia wyników
Nie rozwiązałeś tego quizu